000 00361 a2200145 4500
001 155455
040 _cEscola São Tomás de Aquino
100 _aOLIVEIRA, Gislene de Campos
240 1 0 _aEducar crianças, grandes desafios
_lpor
245 1 0 _aEducar crianças, grandes desafios
362 0 _a2014
440 1 _aVozes
697 _aEducação
942 _cBK
999 _c155455
_d155455